000 01284nam a2200337Ia 4500
001 ebr10464389
003 CaPaEBR
006 m u
007 cr cn|||||||||
008 040601s2004 ilua sb 001 0 eng d
010 _z 2004012884
020 _z9780812695632
020 _z0812695631
040 _aCaPaEBR
_cCaPaEBR
035 _a(OCoLC)726829395
050 1 4 _aB162.7
_b.M63 2004eb
082 0 4 _a181/.114
_222
100 1 _aMoeller, Hans-Georg,
_d1964-
245 1 0 _aDaoism explained
_h[electronic resource] :
_bfrom the dream of the butterfly to the fishnet allegory /
_cHans-Georg Moeller.
260 _aChicago, Ill. :
_bOpen Court,
_cc2004.
300 _aviii, 178 p. :
_bill.
490 1 _aIdeas explained ;
_vv. 1
504 _aIncludes bibliographical references and index.
533 _aElectronic reproduction.
_bPalo Alto, Calif. :
_cebrary,
_d2011.
_nAvailable via World Wide Web.
_nAccess may be limited to ebrary affiliated libraries.
650 0 _aTaoist philosophy.
650 0 _aPhilosophy.
655 7 _aElectronic books.
_2local
710 2 _aebrary, Inc.
830 0 _aIdeas explained series ;
_v1.
856 4 0 _uhttp://site.ebrary.com/lib/rucke/Doc?id=10464389
_zAn electronic book accessible through the World Wide Web; click to view
999 _c128250
_d128250